00352nam a22001097a 4500008004100000040005500041080001900096100002100115245004500136260004700181300001400228240909b |||||||| |||| 00| 0 eng d aNational Science LibrarycNational Science Library a582.736bK6.44 aCandolle, A P De aMemoires sur la famille des legumineuses aNew York: bWheldon and Wesley Ltd, c1966 a525+lxxp.